000 00470nam a2200193Ia 4500
005 20240823052321.0
008 240823s9999||||xx |||||||||||||| ||und||
020 _a978-0-19-959113-8
041 _aENGLISH
082 _A530.13 Q0
100 _aNoelle Pottier
245 0 _aNonequilibrium Statistical Physics
250 _a1st
260 _c2010
_bOxford University
500 _aYES
650 _aStatistical Physics
_bPhysics
942 _cBK
999 _c221587
_d221587